书目信息 |
| 题名: |
实用电教手册
|
|
| 作者: | 周仲 编 | |
| 分册: | ||
| 出版信息: | 上海 上海科学技术文献出版社 1990.4 |
|
| 页数: | 522页 | |
| 开本: | 19厘米 | |
| 丛书名: | ||
| 单 册: | ||
| 中图分类: | G43 | |
| 科图分类: | 38.1638 | |
| 主题词: | 电化教学--手册 | |
| 电子资源: | ||
| ISBN: | 7-80513-505-3 | |
| 000 | 00673nam 2200241 45 | |
| 001 | 0191005034 | |
| 005 | 20060801081931.06 | |
| 010 | @a7-80513-505-3@dCNY8.60 | |
| 100 | @a19910312d1990 em y0chiy0121 ea | |
| 101 | 0 | @achi |
| 102 | @aCN@b310000 | |
| 105 | @ak z 000yy | |
| 200 | 10 | @a实用电教手册@ASHI YONG DIAN JIAO SHOU CE@f周 仲编@FZHOU ZHONG BIAN |
| 210 | @a上海@c上海科学技术文献出版社@d1990.4 | |
| 215 | @a522页@d19厘米 | |
| 517 | 1 | @a电教手册@ADIAN JIAO SHOU CE |
| 540 | 1 | @a电教@ADIAN JIAO |
| 606 | @a电化教学@x手册 | |
| 690 | @aG43@v3 | |
| 692 | @a38.1638 | |
| 701 | 0 | @a周仲@AZHOU ZHONG@4编 |
| 801 | 0 | @aCN@bTSSF@c20060801 |
| 905 | @a10447@dG43@e18 | |
| 实用电教手册/周 仲编.-上海:上海科学技术文献出版社,1990.4 |
| 522页;19厘米 |
| ISBN 7-80513-505-3:CNY8.60 |
| ● |
| 相关链接 |
|
|
|
|
正题名:实用电教手册
索取号:G43/18
 
预约/预借
| 序号 | 登录号 | 条形码 | 馆藏地/架位号 | 状态 | 备注 |
| 1 | 0441078 | 204410789 | 密集书库/ [索取号:G43/18] | 在馆 |